| 000 | 00864nam a2200265Ia 4500 | ||
|---|---|---|---|
| 003 | OSt | ||
| 005 | 20220918185057.0 | ||
| 006 | a|||||r|||| 00| 0 | ||
| 007 | ta | ||
| 008 | 220917b |||||||| |||| 00| 0 eng d | ||
| 024 | _a49,496 | ||
| 037 | _cTextual | ||
| 040 |
_aARTS _cARTS _beng |
||
| 041 |
_2eng _aeng |
||
| 082 | _aP:4:(R1), L2 (PD) | ||
| 100 |
_aSuokko Jorma _967712 |
||
| 245 | 0 |
_aSemantics of choice and chance _b a test of the dterministic approach to meaning and an examination of an alternative hypothesis |
|
| 260 |
_aHague _bMouton _c1972 |
||
| 300 |
_a149p. _ccm. |
||
| 490 | _aJanua linguarum : Studia memoriae Nicolai Van Wijk dedicata , ed by C H Van Schooneveld; 131 | ||
| 500 | _aAppendic 143-45p | ||
| 650 | _aLINGUISTICS | ||
| 942 |
_hP:4:(R1), L2 (PD) _cTEXL _2CC |
||
| 999 |
_c179118 _d179118 |
||